000 01058nas a2200313 4500
001 BR2013005860
003 BR-BrBNA
005 20231205122718.0
007 ta
008 230509b bl.|||p| |||| 00| 00por d
040 _aBR-BrBNA
_bpor
_cBiblioteca Nacional de Agricultura
041 _a(Pt)
072 _aN20
100 1 _aJerônimo, J.F.
100 1 _aSilva, O.R.R.F. da
100 1 _aAlmeida, F. de A.C.
100 1 _aSofiatti, V.
100 1 _aFrança, P.R.C. de
100 1 _aBrandão, Z.N.
245 1 _aDesenvolvimento e avaliação de um descaroçador e prensa enfardadeira itinerantes para o beneficiamento do algodão
650 _aEQUIPAMENTO AGRÍCOLA
650 _aMECANIZAÇÃO AGRÍCOLA
650 _aINDÚSTRIA TÊXTIL
650 _aFIBRA VEGETAL
773 0 _tRevista Brasileira de Engenharia Agrícola e Ambiental (Brazil)
_xISSN 1807-1929
_g(Mar 2013), v. 17(3) p. 319-326
_wBR2013005860
856 4 0 _uhttp://www.scielo.br/pdf/rbeaa/v17n3/11.pdf
909 _a202311
_bLúcia
_c55
_dLúcia Elande
942 _2AGRIS
_n0
_cANA
999 _c230123
_d230123